[Event "Challenge"]
[Site "http://www.queenalice.com/game.php?id=959470"]
[Date "2011.7.12"]
[Round "-"]
[White "AngieB"]
[Black "cladouceur"]
[Result "0-1"]
[WhiteElo "1318"]
[BlackElo "1482"]

1. e4 g5 2. d3 Bg7 3. c3 e6 4. Nh3 h6 5. Be2 d5 6. O-O e5 7. Bh5 Nf6 8. Be2 g4
9. Ng5 hxg5 10. Bxg5 dxe4 11. Bxg4 Bxg4 12. Qa4+ c6 13. dxe4 b5 14. Qb4 Bh6 15.
Bxf6 Qxf6 16. Nd2 Bxd2 17. Rad1 Bxd1 18. Rxd1 Qf4 19. Kf1 Rxh2 20. Kg1 Nd7 21.
Qd6 Qg5 22. Kxh2 Qh5+ 23. Kg1 Qxd1+ 24. Kh2 Bf4+ 25. g3 Qxd6 26. gxf4 exf4 27.
Kg2 Ke7 28. b4 Rg8+ 29. Kf1 Qd1# 0-1

[Event "Challenge"]
[Site "http://www.queenalice.com/game.php?id=959669"]
[Date "2011.7.12"]
[Round "-"]
[White "AngieB"]
[Black "Stewart_The_Great"]
[Result "0-1"]
[WhiteElo "1303"]
[BlackElo "1644"]

1. e4 e5 2. b4 Bxb4 3. c3 Bc5 4. Nf3 Qf6 5. Na3 d6 6. Nb5 Na6 7. g3 c6 8. h4 Bg4
9. Be2 Bxf3 10. Bxf3 cxb5 11. Qb3 Ke7 12. c4 Nb4 13. Ba3 Nc2+ 14. Qxc2 Qxf3 15.
Rg1 Qxf2+ 16. Kd1 Qxg1+ 0-1

[Event "AUTO-INT-2086"]
[Site "http://www.queenalice.com/game.php?id=959964"]
[Date "2011.7.13"]
[Round "1"]
[White "AngieB"]
[Black "Larsen"]
[Result "0-1"]
[WhiteElo "1283"]
[BlackElo "1960"]

1. e4 c5 2. d3 Nc6 3. Be3 Nf6 4. Bxc5 Qa5+ 5. b4 Nxb4 6. a3 Nxc2+ 7. Ke2 Qxc5 8.
Ra2 Nd4+ 9. Ke1 e6 10. Nf3 Nxf3+ 11. Qxf3 Qc1+ 12. Qd1 Qxd1+ 13. Kxd1 d6 14. Be2
g6 15. Nc3 Bg7 16. Nb5 O-O 17. Nxd6 Rd8 18. e5 Nd5 19. Kd2 Bxe5 20. Ne4 b6 21.
a4 Bb7 22. Ke1 Bc3+ 23. Nd2 Nb4 24. Ra3 Nc2+ 25. Kd1 Nxa3 26. Nc4 Nxc4 27. Kc2
Ba5 28. dxc4 Rd2+ 29. Kc1 Rxe2 30. f4 Rc8 31. Kd1 Rxg2 32. f5 Bf3+ 33. Kc1 Rxc4+
34. Kb1 Be4+ 35. Ka1 Bc3# 0-1

[Event "AUTO-INT-2086"]
[Site "http://www.queenalice.com/game.php?id=959965"]
[Date "2011.7.13"]
[Round "1"]
[White "Larsen"]
[Black "AngieB"]
[Result "1-0"]
[WhiteElo "1960"]
[BlackElo "1283"]

1. d4 d5 2. Nf3 b5 3. a3 e6 4. e3 c6 5. b3 a6 6. c4 Nf6 7. cxd5 cxd5 8. Be2 Be7
9. Qc2 Ne4 10. Nc3 Nxc3 11. Qxc3 O-O 12. Bb2 Bb7 13. O-O a5 14. Bxb5 Na6 15.
Rfe1 Rc8 16. Qd3 Qb6 17. Rec1 f6 18. Qe2 Rcd8 19. Bd3 Qxb3 20. Rab1 f5 21. Bxa6
Bxa6 22. Qxa6 Ra8 23. Qxe6+ Rf7 24. Ne5 Rf8 25. Nxf7 Rxf7 26. Rc7 Qb8 27. Rc8+
Qxc8 28. Qxc8+ Bf8 29. a4 f4 30. Ba3 fxe3 31. fxe3 g5 32. Rb8 Kg7 33. Bxf8+ Rxf8
34. Qxf8+ Kg6 35. g4 h6 36. Rb6+ Kh7 37. Qf7+ Kh8 38. Rb8# 1-0

[Event "AUTO-INT-2086"]
[Site "http://www.queenalice.com/game.php?id=959966"]
[Date "2011.7.13"]
[Round "1"]
[White "AngieB"]
[Black "isabcisz"]
[Result "0-1"]
[WhiteElo "1286"]
[BlackElo "1449"]

1. d4 Nf6 2. e3 g6 3. Qf3 Bg7 4. e4 e6 5. Bg5 h6 6. Bf4 O-O 7. d5 exd5 8. exd5
Nxd5 9. Qxd5 Bxb2 10. Be5 Re8 11. Nf3 Bxa1 12. c3 d6 13. Nfd2 Rxe5+ 14. Qe4
Rxe4+ 15. Nxe4 Qe7 16. f3 d5 17. Bb5 dxe4 18. Nd2 Bxc3 19. fxe4 Qxe4+ 20. Be2
Qxg2 21. Rf1 Bxd2+ 22. Kxd2 Bg4 23. Re1 Nc6 24. Kd1 Rd8+ 25. Kc2 Bxe2 26. Rxe2
Nd4+ 27. Kd3 Qxe2+ 28. Kc3 Qc2+ 29. Kb4 Qxa2 30. Kc5 b6+ 31. Kb4 a5+ 32. Kc3
Qc2# 0-1

[Event "AUTO-INT-2086"]
[Site "http://www.queenalice.com/game.php?id=959967"]
[Date "2011.7.13"]
[Round "1"]
[White "isabcisz"]
[Black "AngieB"]
[Result "1-0"]
[WhiteElo "1445"]
[BlackElo "1262"]

1. e4 e5 2. Nf3 Qf6 3. Nc3 Qc6 4. Bb5 Qe6 5. O-O c6 6. Ba4 b5 7. Bb3 d5 8. exd5
Qd6 9. dxc6 Qxc6 10. Nxe5 Qd6 11. Nxf7 Qf6 12. Nxh8 Ne7 13. Re1 g6 14. Nf7 b4
15. Nd5 Qxf7 16. Nc7+ Kd7 17. Nxa8 Bb7 18. Bxf7 Bxa8 19. Qg4+ Nf5 20. d3 h5 21.
Qxg6 Nh4 22. Qe6+ Kc7 23. Qc4+ Nc6 24. Qxh4 Bg7 25. Bf4+ Kb6 26. Re6 Kc5 27.
Qxh5+ Kd4 28. Be3# 1-0

[Event "AUTO-INT-2086"]
[Site "http://www.queenalice.com/game.php?id=959968"]
[Date "2011.7.13"]
[Round "1"]
[White "AngieB"]
[Black "Givanildo"]
[Result "0-1"]
[WhiteElo "1283"]
[BlackElo "1560"]

1. c4 e5 2. b4 Bxb4 3. a3 Ba5 4. Bb2 Qf6 5. c5 Ne7 6. Qa4 Nbc6 7. e3 d6 8. Bb5
dxc5 9. Nc3 Qd6 10. Nf3 O-O 11. Nh4 Bd7 12. Ne4 Qd5 13. f3 a6 14. g3 axb5 15.
Qxb5 b6 16. O-O Bh3 17. Rf2 f5 18. Ng5 Bxd2 19. Re2 Ra5 20. Rxd2 Qxd2 21. Qb3+
Nd5 22. Nxh3 Nb4 23. Bxe5 Nc2 24. Qb2 Qxe3+ 25. Kh1 Nxa1 26. Qxa1 f4 27. Bxc7
Nxc7 28. g4 Rxa3 29. Qg1 Qxg1+ 30. Kxg1 Ra1+ 31. Kf2 g5 32. Nxg5 Ra2+ 33. Ke1
Re8+ 34. Ne4 Nd5 35. Kf1 Ne3+ 36. Ke1 Ra1+ 37. Kd2 Rd8+ 38. Kc3 Rc1+ 39. Kb3
Rd3+ 40. Ka4 Ra1+ 41. Kb5 Ra5+ 42. Kc6 Nc4 43. Nxc5 Rd6+ 44. Kb7 Rxc5 45. Nf5
Rd7+ 46. Ka6 Ra5# 0-1

[Event "AUTO-INT-2086"]
[Site "http://www.queenalice.com/game.php?id=959969"]
[Date "2011.7.13"]
[Round "1"]
[White "Givanildo"]
[Black "AngieB"]
[Result "1-0"]
[WhiteElo "1537"]
[BlackElo "1275"]

1. e4 e5 2. Bc4 Nh6 3. d3 Bb4+ 4. c3 Ba5 5. b4 Bb6 6. Qf3 d6 7. h3 O-O 8. Bxh6
gxh6 9. Qg3+ Kh8 10. Nf3 c6 11. Nh4 Rg8 12. Qf3 Qxh4 13. g3 Qe7 14. h4 Bg4 15.
Qg2 Qf6 16. O-O d5 17. exd5 Qf5 18. dxc6 Bf3 19. Qh2 Nxc6 20. Nd2 Rad8 21. Nxf3
Qxf3 22. b5 Na5 23. Rae1 Rge8 24. d4 Nxc4 25. Qh3 Nd2 26. Re3 Qf6 27. Rfe1 Nf3+
28. Kg2 Nxe1+ 29. Rxe1 Bc7 30. Re3 Qb6 31. Qf5 Rf8 32. dxe5 Qxb5 33. Qf6+ Kg8
34. Qxh6 Bxe5 35. Qg5+ Kh8 36. Rxe5 Qd3 37. Qf6+ Kg8 38. Rg5+ Qg6 39. Qf3 h6 40.
Rxg6+ fxg6 41. Qxb7 Rd2 42. Qxa7 Rdxf2+ 43. Qxf2 Rxf2+ 44. Kxf2 Kf8 45. a4 Ke8
46. Ke3 Kd8 47. Kd4 Kc8 48. Kc5 Kb7 49. Kb5 Ka7 50. a5 g5 51. h5 g4 52. c4 Kb7
53. c5 Kc7 54. c6 Kb8 55. Kb6 Ka8 56. a6 Kb8 57. c7+ Ka8 58. c8=Q# 1-0

[Event "AngieB x Boeing"]
[Site "http://www.queenalice.com/game.php?id=960100"]
[Date "2011.7.14"]
[Round "-"]
[White "AngieB"]
[Black "Boeing"]
[Result "0-1"]
[WhiteElo "1275"]
[BlackElo "1845"]

1. c4 e5 2. d3 Bc5 3. g3 Qf6 4. b3 e4 5. e3 Qxa1 6. Nd2 exd3 7. Bxd3 Nc6 8. Bb1
Qf6 9. Ne4 Qf5 10. Bd2 Qe5 11. Nf3 Qh5 12. O-O Bb4 13. Kg2 d5 14. Qe1 Bxd2 15.
Qxd2 Bh3+ 16. Kh1 Qxf3+ 17. Kg1 Qg2# 0-1

[Event "Challenge"]
[Site "http://www.queenalice.com/game.php?id=960980"]
[Date "2011.7.16"]
[Round "-"]
[White "AngieB"]
[Black "ivdsantacruz"]
[Result "0-1"]
[WhiteElo "1286"]
[BlackElo "1883"]

1. e4 e5 2. g3 Nf6 3. d3 Nc6 4. Nh3 h6 5. Be2 Nd4 6. c3 Nxe2 7. Qxe2 d6 8. O-O
Bxh3 9. Rd1 c5 10. f4 Bg4 11. Qc2 Bxd1 12. Qxd1 Qb6 13. fxe5 dxe5 14. b3 c4+ 15.
d4 exd4 16. cxd4 Nxe4 17. Qe2 Qxd4+ 18. Be3 Qxa1 19. Qc2 f5 20. Kg2 cxb3 21.
Qxb3 Qe5 22. Qxb7 Rb8 23. Bd4 Rxb7 24. Bxe5 Rxb1 25. Kh3 Rg8 26. g4 Ng5+ 27. Kg3
Rg1+ 28. Kh4 Rxg4+ 29. Kh5 g6# 0-1

[Event "Challenge"]
[Site "http://www.queenalice.com/game.php?id=961559"]
[Date "2011.7.18"]
[Round "-"]
[White "potter_brasil"]
[Black "AngieB"]
[Result "1-0"]
[WhiteElo "1627"]
[BlackElo "1267"]

1. e4 g6 2. f4 d6 3. Nf3 Bh6 4. Bc4 Bxf4 5. O-O Bg4 6. d4 Bxf3 7. Rxf3 g5 8.
Bxf4 gxf4 9. Rxf4 e6 10. Qf3 Nh6 11. Qh5 Rf8 12. Qxh6 Qd7 13. Nc3 Nc6 14. d5
exd5 15. Bxd5 f6 16. Qh5+ Kd8 17. Raf1 Rb8 18. Rxf6 Rxf6 19. Rxf6 Nd4 20. Rf8+
Ke7 21. Qf7# 1-0

[Event "Challenge"]
[Site "http://www.queenalice.com/game.php?id=961761"]
[Date "2011.7.18"]
[Round "-"]
[White "AngieB"]
[Black "eloy"]
[Result "0-1"]
[WhiteElo "1264"]
[BlackElo "1617"]

1. e3 e5 2. g3 e4 3. Bg2 d5 4. Nh3 Nf6 5. O-O Nc6 6. Nf4 d4 7. exd4 Nxd4 8. d3
Bg4 9. Qd2 Bf3 10. dxe4 Nxe4 11. Qe3 Nxc2 12. Qxf3 f5 13. Ne6 Qd7 14. Qxf5 Nxa1
15. Qxe4 Be7 16. Nxg7+ Kf8 17. Qe5 Bd6 18. Bd5 Bxe5 19. Bxb7 Rb8 20. Be4 Qxg7
21. b4 Rxb4 22. Re1 Ra4 23. Bc6 Rxa2 24. Nd2 Qf6 25. Rf1 Qxc6 26. Nb3 Nxb3 27.
Bh6+ Qxh6 28. Re1 Ra1 29. Rxa1 Bxa1 30. Kg2 Qg5 31. f4 Qg4 32. h3 Qe2+ 33. Kg1
Bd4+ 34. Kh1 Qf2 35. f5 Qg1# 0-1

[Event "Challenge"]
[Site "http://www.queenalice.com/game.php?id=963774"]
[Date "2011.7.23"]
[Round "-"]
[White "AngieB"]
[Black "Ponce"]
[Result "1-0"]
[WhiteElo "1253"]
[BlackElo "1643"]

1. e3 e5 2. g3 Bc5 3. Nf3 d6 4. c3 Nf6 5. Bc4 h6 6. Qa4+ c6 7. O-O b5 8. Qb3
bxc4 9. Qxc4 O-O 10. b4 Ba6 11. Qh4 Bb6 12. Rd1 Be2 13. Re1 Bxf3 14. d3 e4 15.
Nd2 d5 16. dxe4 dxe4 17. Nxf3 exf3 18. e4 Nxe4 19. Qxe4 Re8 20. Qxe8+ Kh7 21.
Qxf7 Nd7 22. Re7 Qxe7 23. Qxe7 Rd8 24. c4 Nf6 25. Bb2 Rd2 26. Bxf6 Bxf2+ 27. Kf1
Bd4 28. Qxg7# 1-0

[Event "Challenge"]
[Site "http://www.queenalice.com/game.php?id=970731"]
[Date "2011.8.10"]
[Round "-"]
[White "AngieB"]
[Black "cladouceur"]
[Result "0-1"]
[WhiteElo "1288"]
[BlackElo "1512"]

1. g3 g6 2. Bh3 Bg7 3. Nf3 e6 4. O-O Nh6 5. e4 d5 6. Re1 e5 7. Kg2 dxe4 8. Rxe4
Bf5 9. Rb4 Qc8 10. d4 Bxh3+ 11. Kg1 exd4 12. b3 d3 13. c3 Bg4 14. Qxd3 O-O 15.
Qd5 Bxf3 16. Qxf3 Qe8 17. Bd2 Nc6 18. Rxb7 Ne5 19. Qe3 Rd8 20. Rxc7 Neg4 21.
Qxa7 Ne5 22. Qb7 Rb8 23. Qd5 Rc8 24. Qc5 Rxc7 25. Qxc7 Nf3+ 26. Kg2 Qe4 27. Na3
Nxd2+ 28. Kh3 Ng4 29. Rd1 Nxf2# 0-1

[Event "Challenge"]
[Site "http://www.queenalice.com/game.php?id=970927"]
[Date "2011.8.10"]
[Round "-"]
[White "AngieB"]
[Black "Ponce"]
[Result "1-0"]
[WhiteElo "1258"]
[BlackElo "1652"]

1. g3 d6 2. Nf3 Bg4 3. Nd4 e5 4. Nf3 Bxf3 5. exf3 Qf6 6. h4 d5 7. d3 Nc6 8. c3
O-O-O 9. Bg5 Qd6 10. Bxd8 Nxd8 11. Qa4 Qb6 12. b3 Bc5 13. d4 exd4 14. Bh3+ Ne6
15. Qe8# 1-0

[Event "AUTO-BEG-501"]
[Site "http://www.queenalice.com/game.php?id=972838"]
[Date "2011.8.15"]
[Round "1"]
[White "AngieB"]
[Black "praddock"]
[Result "1-0"]
[WhiteElo "1298"]
[BlackElo "1247"]

1. Nf3 d5 2. Ne5 Be6 3. e3 Nf6 4. g3 c5 5. Bb5+ Nbd7 6. Nxd7 Bxd7 7. Bxd7+ Qxd7
8. O-O Qh3 9. b3 Ng4 10. Qxg4 Qxg4 11. Re1 1-0

[Event "AUTO-BEG-501"]
[Site "http://www.queenalice.com/game.php?id=972839"]
[Date "2011.8.15"]
[Round "1"]
[White "praddock"]
[Black "AngieB"]
[Result "0-1"]
[WhiteElo "1263"]
[BlackElo "1283"]

1. e4 d6 2. d4 g6 3. Nc3 c6 4. Nf3 Nf6 5. e5 Ng4 6. Bg5 f6 7. Bf4 Qb6 8. b3 fxe5
9. dxe5 Nxf2 10. Na4 Nxd1 11. Nxb6 axb6 0-1

[Event "AUTO-BEG-501"]
[Site "http://www.queenalice.com/game.php?id=972840"]
[Date "2011.8.15"]
[Round "1"]
[White "AngieB"]
[Black "TIKAR"]
[Result "1-0"]
[WhiteElo "1270"]
[BlackElo "1298"]

1. c4 d5 2. Qb3 c6 3. g3 Be6 4. Qxb7 Nd7 5. Qxc6 dxc4 6. Bg2 Rc8 7. Qa6 Qc7 8.
Na3 Nc5 9. Qb5+ Kd8 10. Nxc4 Rb8 11. Qa5 Bxc4 12. Qc3 e5 13. Qxc4 e4 14. Qd4+
Bd6 15. Qxg7 Be5 16. Qf8+ Kd7 17. Qxf7+ Kd6 18. Qc4 Ne7 19. Bxe4 Kd7 20. d4 Nxe4
21. Qd3 Ng5 22. dxe5+ Ke6 23. Bxg5 Qc6 24. Nf3 Rb5 25. O-O h5 26. Nd4+ Kxe5 27.
Nxc6+ Nxc6 28. Qc3+ Kd5 29. Qxh8 1-0

[Event "AUTO-BEG-501"]
[Site "http://www.queenalice.com/game.php?id=972841"]
[Date "2011.8.15"]
[Round "1"]
[White "TIKAR"]
[Black "AngieB"]
[Result "1-0"]
[WhiteElo "1282"]
[BlackElo "1286"]

1. e4 e5 2. d4 Bb4+ 3. c3 Ba5 4. dxe5 Bb6 5. Bc4 Nc6 6. Qf3 Nxe5 7. Qe2 d6 8. f4
Ng4 9. h3 Nf2 10. Qh5 g6 11. Qd5 Nh6 12. g4 Nxh1 13. f5 Rf8 14. Bxh6 Qh4+ 15.
Kd1 Qxh6 16. Nd2 Be3 17. Ngf3 Nf2+ 18. Kc2 Qxh3 19. Re1 Nxg4 20. fxg6 hxg6 21.
e5 Bxd2 22. Kxd2 Qg2+ 23. Re2 Nf2 24. exd6+ Kd7 25. dxc7+ Kxc7 26. Re7+ Bd7 27.
Qxd7+ Kb8 28. Qc7# 1-0

[Event "AUTO-BEG-501"]
[Site "http://www.queenalice.com/game.php?id=972842"]
[Date "2011.8.15"]
[Round "1"]
[White "AngieB"]
[Black "LeroyClark"]
[Result "0-1"]
[WhiteElo "1312"]
[BlackElo "1252"]

1. b3 d5 2. e3 e5 3. Nf3 Bg4 4. Bb2 e4 5. d3 Nf6 6. Be2 exf3 7. gxf3 Be6 8. Qd2
Nc6 9. Nc3 Bd6 10. O-O-O O-O 11. f4 d4 12. Nb5 Ng4 13. Rdf1 a6 14. Nxd6 Qxd6 15.
Bxd4 Qa3+ 16. Bb2 Qxa2 17. c4 Qxb3 18. h3 Nf6 19. e4 a5 20. e5 Nd7 21. Bd1 Qa2
22. Rhg1 a4 23. Rg5 a3 24. Bc3 Qxd2+ 25. Kxd2 Bxh3 26. Rfg1 g6 27. d4 Na5 28.
Bb4 Nxc4+ 29. Ke2 a2 30. Bc3 a1=Q 0-1

[Event "AUTO-BEG-501"]
[Site "http://www.queenalice.com/game.php?id=972843"]
[Date "2011.8.15"]
[Round "1"]
[White "LeroyClark"]
[Black "AngieB"]
[Result "1-0"]
[WhiteElo "1141"]
[BlackElo "1283"]

1. b3 Nf6 2. Bb2 Ng4 3. e4 d5 4. Be2 h5 5. c4 dxe4 6. Nc3 Nc6 7. Nxe4 Bf5 8. Nc5
b6 9. Bf3 e6 10. Bxc6+ Ke7 11. Bxa8 Qxa8 12. Na6 c6 13. Nf3 Qb7 14. Nb4 Ke8 15.
Nc2 Bc5 16. Bd4 Kf8 17. Bxc5+ bxc5 18. Ne3 Nxe3 19. dxe3 Qb4+ 20. Qd2 Ke7 21.
O-O a5 22. Rfd1 Qa3 23. Qd7+ Kf6 24. Qd6 Rc8 25. Qe5+ Kg6 26. Nh4+ Kg5 27. Qxg7+
Kxh4 28. Qg3# 1-0

[Event "Challenge"]
[Site "http://www.queenalice.com/game.php?id=973569"]
[Date "2011.8.17"]
[Round "-"]
[White "AngieB"]
[Black "cladouceur"]
[Result "1-0"]
[WhiteElo "1287"]
[BlackElo "1519"]

1. Nc3 e5 2. b3 Qf6 3. Nd5 Qc6 4. c4 b5 5. e4 Nf6 6. Qf3 bxc4 7. Bxc4 Qc5 8.
Nxf6+ gxf6 9. Qxf6 Bg7 10. Qxf7+ Kd8 11. Qxg7 Re8 12. Bb2 Qf8 13. Qxh7 Re7 14.
Qh4 Nc6 15. Nf3 Bb7 16. O-O Nd4 17. Bxd4 exd4 18. Nxd4 Bxe4 19. Rfe1 Bb7 20. Re3
Qg7 21. g3 c5 22. Nc2 Rc8 23. Rae1 Kc7 24. Rxe7 Qb2 25. Bb5 Kb6 26. Rxd7 Kxb5
27. Qa4+ Kb6 28. Re6+ Bc6 29. Qxa7+ Kb5 30. a4# 1-0

[Event "Challenge"]
[Site "http://www.queenalice.com/game.php?id=976271"]
[Date "2011.8.24"]
[Round "-"]
[White "AngieB"]
[Black "Ponce"]
[Result "0-1"]
[WhiteElo "1301"]
[BlackElo "1640"]

1. e4 c5 2. g3 d6 3. b3 e5 4. Bc4 Qd7 5. Qh5 g6 6. Qf3 Nh6 7. Nc3 Nc6 8. Ba3 Nd4
9. Qd1 b6 10. Nf3 Qg4 11. Nxd4 exd4 12. Nd5 Qxd1+ 13. Rxd1 Kd8 14. O-O Bg7 15.
c3 Bh3 16. Rfe1 dxc3 17. dxc3 Ng4 18. Nf4 Bxc3 19. Bd5 Rb8 20. Nxh3 Bxe1 21.
Rxe1 b5 22. Bxf7 Ne5 23. Be6 Kc7 24. Rd1 Rbe8 25. Ng5 h6 26. Nh3 Rxe6 27. Nf4
Ree8 28. Nd5+ Kb7 29. b4 Nc4 30. Rd3 Rxe4 31. Rf3 Kc6 32. Ne7+ Rxe7 33. Rf6 Nxa3
34. Rxg6 Re2 35. Kf1 Rxa2 36. Rg7 Nc4 37. bxc5 Ra1+ 38. Kg2 Rf8 39. Rg6 Ra2 40.
cxd6 Rfxf2+ 41. Kh3 Rxh2+ 42. Kg4 Ne5+ 43. Kf5 Nxg6 44. Kxg6 Ra3 45. Kf5 Rxg3
46. Ke6 Rf2 47. d7 Re3# 0-1